Najlepsze kluby piłkarskie z Europy - Statystyki

Ogólne statystyki
  • Ten quiz został rozwiązany 673 razy
  • Średni wynik to 45 z 100
Statystyki odpowiedzi
# Klub Państwo % Poprawnych
1 Real Madryt
100%
13 Bayer Leverkusen
95%
10 FC Barcelona
93%
2 Manchester City Anglia
92%
5 Paris Saint-Germain
92%
4 Liverpool FC Anglia
90%
11 Manchester United Anglia
90%
6 Inter Mediolan
87%
19 AC Mediolan
86%
3 Bayern Monachium
85%
8 Borussia Dortmund
84%
12 Arsenal Londyn Anglia
82%
22 Juventus Turyn
82%
7 Chelsea Londyn Anglia
80%
18 FC Porto
78%
14 Atletico Madryt
77%
9 AS Roma
74%
34 SSC Napoli
74%
15 Benfica Lizbona
72%
93 Lech Poznań
72%
30 Ajax Amsterdam
71%
35 Sporting Lizbona
71%
70 Legia Warszawa
69%
59 Celtic Glasgow Szkocja
64%
51 Olympique Lyon
64%
45 Olympique Marsylia
64%
28 PSV Eindhoven
63%
27 Tottenham Hotspur Anglia
61%
75 Athletic Bilbao
60%
36 Sevilla FC
59%
20 RB Lipsk
56%
21 SS Lazio
56%
16 Atalanta Bergamo
55%
25 Rangers Szkocja
55%
71 Sparta Praga
55%
76 Dynamo Kijów
53%
46 Aston Villa Anglia
52%
58 Galatasaray
52%
40 Real Betis Balompie
51%
17 Villarreal
50%
26 Feyenoord Rotterdam
49%
54 AS Monako
48%
24 Club Brugge
48%
42 Slavia Praga
46%
38 Dinamo Zagrzeb
45%
44 RB Salzburg
45%
41 Szachtar Donieck
44%
31 LOSC Lille
42%
80 Newcastle United Anglia
42%
33 ACF Fiorentina
41%
48 SC Braga
41%
23 Eintracht Frankfurt
40%
32 Real Sociedad
39%
29 West Ham Anglia
38%
62 Young Boys
37%
50 Crvena Zvezda
36%
53 KAA Gent
36%
49 FC Kopenhaga
35%
43 FK Bodo/Glimt
35%
66 FC Bazylea
34%
47 Fenerbahçe SK
34%
37 Olympiakos Pireus
34%
65 Slovan Bratysława
33%
95 Girona FC
32%
52 PAOK
32%
86 OGC Nicea
31%
68 Rapid Wiedeń
29%
89 Bologna
28%
85 Partizan Belgrad
28%
56 Viktoria Pilzno
28%
64 FK Molde
26%
72 Anderlecht
24%
79 Brighton & Hove Albion Anglia
24%
69 Karabach Agdam
24%
81 SK Sturm Graz
24%
78 Leicester City Anglia
23%
88 Sheriff Tyraspol
23%
83 1.FC Union Berlin
22%
39 AZ Alkmaar
22%
87 Royal Antwerpia
21%
55 Stade Rennais
21%
84 FCSB
18%
77 Łudogorec Razgrad
18%
73 LASK Linz
15%
74 SC Freiburg
15%
96 CA Osasuna
14%
98 Maccabi Hajfa
14%
60 Maccabi Tel Awiw
14%
67 FC Midtjylland
12%
99 Shamrock Rovers
12%
57 Ferencvarosi
11%
91 TSG Hoffenheim
11%
90 FC Lugano
10%
97 Vitoria Guimaraes
9%
92 CFR Kluż-Napoka
8%
100 Olimpija Lublana
7%
61 Royale Union Saint-Gilloise
7%
63 Djurgardens
6%
94 Granada CF
6%
82 Istanbul Basaksehir
4%
Nie znaleziono quizów pasujących do podanych kryteriów
Rozkład punktacji
Procent ludzi z każdym wynikiem
Percentyl według liczby udzielonych odpowiedzi
Twoja historia wyników
Nie rozwiązałeś tego quizu